Connaissez vous vraiment Yvetot ? - Statistiques

Statistiques générales
  • Ce quiz a été pris 12 fois
  • Le résultat moyen est 8 sur 15
Statistiques - réponses
Questions Réponses % Correct
Quelle est notre code postal? 76190
89%
Comment s'appelle le collège public d'Yvetot? Albert Camus
89%
le collège privée? Bobée
78%
le lycée privée ? Jean 23
78%
Comment s'appelle le lycée public d'Yvetot? Raymond Queneau
78%
En quelle année Yvetot a été libéré des allemands durant la seconde guerre mondiale? 1944
67%
Comment s'appelle la grande place d'Yvetot? la place des belges
67%
Comment s'appelle le natif d'Yvetot 2 fois champions paralympique en triathlon? Alexis Hanquinquant
56%
En quelle division évolue le YAC? Régional 1
44%
Combien d'habitants possèdent Yvetot(pas ces alentours)? 11 438
33%
Comment s'appelle le maire actuel de Yvetot ? Francis Alabert
33%
Quelle est la date de création de l'église d'Yvetot ? 1951
22%
Dans quelle division sont montées les rugbymen de Yvetot? Fédérale 3
22%
Comment s'appelle le monument le plus connu d'Yvetot? Le manoir du Fay
22%
En quelle division évolue les masculins du HBCY ? régional 2
22%
Aucun quiz correspondant
Distribution des résultats
% des personnes avec chaque résultat
Percentile par nombre de réponses
Votre historique - résultats
Vous n’avez pas pris ce quiz